LEADER 00949cam0-2200301---450- 001 990005755670403321 005 20080825135227.0 035 $a000575567 035 $aFED01000575567 035 $a(Aleph)000575567FED01 035 $a000575567 100 $a19990604d1970----km-y0itay50------ba 101 0 $aita 102 $aIT 105 $ayf------001yy 200 1 $aEvoluzione storica e stilistica della moda$edalle antiche civiltą mediterranee al Rinascimento$fGiorgio Marangoni 210 $aMilano$cIstituto Artistico dell'Abbigliamento "Marangoni"$dc1970 215 $a289 p., 15 tav.$cill.$d22 cm 610 0 $aAbbigliamento$aStoria 676 $a746.92 700 1$aMarangoni,$bGiorgio$0219915 801 0$aIT$bUNINA$gRICA$2UNIMARC 901 $aBK 912 $a990005755670403321 952 $a746.92 MAR 1$bIST.GLOTT. 908$fFLFBC 959 $aFLFBC 996 $aEvoluzione storica e stilistica della moda$9571666 997 $aUNINA LEADER 01384nam1-22004331i-450- 001 990003828860403321 005 20070911130508.0 010 $a88-207-3085-5 035 $a000382886 035 $aFED01000382886 035 $a(Aleph)000382886FED01 035 $a000382886 100 $a20030910d2001----km-y0itay50------ba 101 1 $aita$cfre 102 $aIT 105 $ay-------001yy 200 1 $a<>cittą nell'Europa contemporanea$f[a cura di] Arnaldo Bagnasco e Patrick Le Galčs$gtraduzione a cura di Matteo Bagnasco 205 $a1. ed. 210 $aNapoli$cLiguori$d©2001 215 $a275 p.$ctab., fig.$d21 cm 225 1 $aCambiamento sociale in Europa$fcollana diretta da Arnaldo Bagnasco, Henri Mendras e Vincent Wright$v4 610 0 $aCittą$aEuropa$aAspetti sociali 610 0 $aUrbanizzazione$aEconomia urbana 676 $a307.76094$v21$zita 676 $a044.005 702 1$aBagnasco,$bArnaldo$f<1939- > 702 1$aLe Galčs,$bPatrick 801 0$aIT$bUNINA$gRICA$2UNIMARC 901 $aBK 912 $a990003828860403321 952 $a307.76094 BAG 1$b2126$fBFS 952 $a307.76094 BAG 1BIS$b3374$fBFS 952 $a044.005.BAG$b3017$fDECGE 952 $aA-Eu 0164$bB.F.L.F. 49236$fILFGE 959 $aBFS 959 $aDECGE 959 $aILFGE 996 $aCittą nell'Europa contemporanea$9507617 997 $aUNINA